000
00329nam a2200133 a 4500
005
20140414093842.0
008
090108s19uu xx uuu eng d
050
_a
DVD 530.1
_b
WHA 2004
245
_a
What the bleep do we know!?.
650
_a
Quantum theory.
650
_a
Documentary film.
942
_c
AVM
999
_c
109369
_d
109369